ბათუმის შოთა რუსთაველის სახელმწიფო უნივერსიტეტის ბიბლიოთეკა

დავით მამულაძე 100-სამეცნიერო პრაქტიკული კონფერენციის მასალები (ბიბ.ჩანაწერი № 48836)

000 -LEADER
fixed length control field 01421nam a2200229Ia 4500
001 - CONTROL NUMBER
control field 15738
003 - CONTROL NUMBER IDENTIFIER
control field GE_BSU
008 - FIXED-LENGTH DATA ELEMENTS--GENERAL INFORMATION
fixed length control field 181216s||||||||xx |||||||||||||| ||und||
010 ## - LIBRARY OF CONGRESS CONTROL NUMBER
LC control number 9789941434884
040 ## - CATALOGING SOURCE
Transcribing agency GE_BSU
080 ## - UNIVERSAL DECIMAL CLASSIFICATION NUMBER
Universal Decimal Classification number 316(479.22)(063)
245 ## - TITLE STATEMENT
Title დავით მამულაძე 100-სამეცნიერო პრაქტიკული კონფერენციის მასალები
245 ## - TITLE STATEMENT
Statement of responsibility, etc. რედ:შემდგენელი სერგო დუმბაძე
260 ## - PUBLICATION, DISTRIBUTION, ETC.
Place of publication, distribution, etc. ბათუმი.
260 ## - PUBLICATION, DISTRIBUTION, ETC.
Name of publisher, distributor, etc. შოთა რუსთაველის უნიტის გამ-ბა
260 ## - PUBLICATION, DISTRIBUTION, ETC.
Date of publication, distribution, etc. 2014.
300 ## - PHYSICAL DESCRIPTION
Extent 133გვ;ილ;19სმ
520 ## - SUMMARY, ETC.
Summary, etc. აჭარის ღვაწლმოსილ მუშაკთა პატივმიგებისა და მადლიერების საზოგადეობა,დავით მამულაძის საზოგადოება ,,მოამბე",აჭარის უხუცესთა სათათბირო,აჭარის განათლებისა და კულტურის მუზეუმი.
653 ## - INDEX TERM--UNCONTROLLED
Uncontrolled term დავით მამულაძე 100-სამეცნიერო პრაქტიკული კონფერენციის მასალები
942 ## - ADDED ENTRY ELEMENTS (KOHA)
Koha item type წიგნი
ეგზემპლარები
Withdrawn status Lost status Damaged status Not for loan Date acquired Barcode Date last seen Price effective from Koha item type
        2018-12-17 39581 2018-12-17 2018-12-17 წიგნი
        2018-12-17 39582 2018-12-17 2018-12-17 წიგნი
        2018-12-17 39583 2018-12-17 2018-12-17 წიგნი
        2018-12-17 39584 2018-12-17 2018-12-17 წიგნი